00226nam a2200085Ia 4500001000800000005001700008008004100025245005300066260002100119125057820251031150858.0251031s9999 xx 000 0 und d 0cFURKAN ÇALIŞKANaB-3 İMKANSIZIN İHLALİ bKETEBE YAYINLARI